[Event "43rd Tch-POR"]
[Site "Barreiro POR"]
[Date "2001.06.23"]
[Round "6"]
[White "Mitkov,N"]
[Black "Vitor,A"]
[Result "1-0"]
[WhiteElo "2578"]
[BlackElo "2297"]

1.e4 c5 2.Nc3 a6 3.Nge2 e6 4.d4 cxd4 5.Nxd4 Qc7 6.Bd3 Nf6 7.O-O d6 8.f4 g6
9.Kh1 Bg7 10.Qe1 O-O 11.f5 gxf5 12.exf5 e5 13.Nf3 Nbd7 14.Qh4 d5 15.Bh6 Bxh6
16.Qxh6 e4 17.Ng5 exd3 18.Rf3 d2 19.Rg3 Qxg3 20.hxg3 Re8 21.Rg1 d4 22.Nd1 a5
23.Nf3 Ne4 24.Qf4 Ndf6 25.Kh2 Ra6 26.Rh1 Kh8 27.Kg1 Rg8 28.Rh6 Rd6 29.Nxd2 Nxd2
30.Qxd6 Nfe4  1-0

[Event "TSGM"]
[Site "Belgrade YUG"]
[Date "2001.06.25"]
[Round "10"]
[White "Weinzettl,E"]
[Black "Todorov,O"]
[Result "1-0"]
[WhiteElo "2422"]
[BlackElo "2344"]

1.e4 c5 2.Nf3 e6 3.d4 cxd4 4.Nxd4 a6 5.Nc3 Qc7 6.Bd3 Nc6 7.Nxc6 dxc6 8.f4 e5
9.O-O Nf6 10.Kh1 Bd6 11.f5 b5 12.a4 Rb8 13.axb5 axb5 14.Be3 Be7 15.Qf3 O-O
16.g4 h6 17.g5 hxg5 18.Bxg5 Nh7 19.Bxe7 Qxe7 20.Rg1 Bb7 21.Rg3 f6 22.Rag1 Rfd8
23.Qh5 Ng5 24.h4 Nh7 25.Rg6 Kh8 26.Qg4 Rg8 27.b4 Rbd8 28.Ne2 Rd7 29.Ng3 Qxb4
30.Nf1 Qf8 31.Nh2 c5 32.Bxb5 Rd4 33.Bd3 c4 34.Nf3 cxd3 35.Nxd4 exd4 36.cxd3 Qf7
37.Kh2 Qc7+ 38.Kh3 Qf7 39.Qf4 Nf8 40.h5 Nh7 41.h6 Ng5+ 42.R1xg5 fxg5 43.Qxg5 Bc8
44.Qh5  1-0

[Event "12th Open"]
[Site "Ljubljana SLO"]
[Date "2001.06.26"]
[Round "4"]
[White "Podlesnik,B"]
[Black "Nikolic,Stank"]
[Result "1-0"]
[WhiteElo "2407"]
[BlackElo "2111"]

1.e4 c5 2.Nc3 e6 3.Nf3 a6 4.d4 cxd4 5.Nxd4 d6 6.f4 Nf6 7.Qf3 Qb6 8.Nb3 Qc7
9.g4 b5 10.Bd3 Bb7 11.g5 Nfd7 12.Bd2 Nc6 13.Ne2 Nc5 14.h4 O-O-O 15.Ned4 Nxb3
16.Nxb3 Be7 17.O-O-O Kb8 18.Kb1 f5 19.Rhe1 g6 20.h5 Rhf8 21.Qh3 Bc8 22.exf5 gxf5
23.Qh1 e5 24.Qg1 e4 25.Be2 Be6 26.Be3 Kb7 27.Rc1 d5 28.Qf2 Rc8 29.Red1 Rfd8
30.h6 Bf7 31.c3 Ra8 32.Qf1 Rdb8 33.Qh3 Be6 34.Rg1 Rg8 35.Rg3 Qc8 36.Bh5 Qf8
37.a3 Bf7 38.Qxf5  1-0

[Event "TCh-Europe Girls U18"]
[Site "Balatonlelle HUN"]
[Date "2001.06.28"]
[Round "6"]
[White "Dimitrijevic,A"]
[Black "Paehtz,E"]
[Result "0-1"]
[WhiteElo "2152"]
[BlackElo "2358"]

1.e4 c5 2.Nf3 e6 3.d4 cxd4 4.Nxd4 a6 5.Nc3 Qc7 6.Be3 Bb4 7.Qd3 Nf6 8.Bd2 Nc6
9.Be2 O-O 10.O-O Ne5 11.Qe3 Bc5 12.Be1 b5 13.Rd1 Qa7 14.Nb1 Bb7 15.c3 Nxe4
16.f3 Nc6 17.fxe4 e5 18.Bf2 exd4 19.cxd4 Bb6 20.Nc3 Rae8 21.Nd5 Bxd4 22.Qg3 Bxf2+
23.Rxf2 f5 24.Kh1 Rxe4 25.Nf4 Ne5 26.Nh5 g6 27.Nf4 Bc6 28.Rff1 Qe3 29.Qxe3 Rxe3
30.Rfe1 Re8 31.Kg1 Re4 32.Rf1 g5 33.Bh5 Rf8 34.Ne2 Re3 35.Nd4 Be4 36.Be2 f4
37.Kf2 Bd3 38.Rd2 Bxe2 39.Nxe2 Rd3 40.Rfd1 Re3 41.Nd4 Nc4 42.Rc2 Re4 43.Rd3 Rf6
44.Nf3 g4 45.Nd2 Re3  0-1

[Event "TCh-Europe Boys U18"]
[Site "Balatonlelle HUN"]
[Date "2001.06.29"]
[Round "7"]
[White "Efimenko,Z"]
[Black "Szeberenyi,A"]
[Result "1-0"]
[WhiteElo "2439"]
[BlackElo "2418"]

1.e4 c5 2.Nf3 e6 3.Nc3 a6 4.d4 cxd4 5.Nxd4 Qc7 6.Bd3 Nc6 7.Be3 Nf6 8.O-O Ne5
9.h3 Bc5 10.Kh1 d6 11.f4 Ng6 12.f5 Ne5 13.Nce2 Nxd3 14.cxd3 e5 15.Nc2 Bxe3
16.Nxe3 b5 17.Nc3 Bb7 18.Rc1 Qb6 19.Ng4 Nxg4 20.Qxg4 O-O 21.f6 g6 22.Qg5 Kh8
23.Ne2 Rae8 24.Ng1 Re6 25.Qh6 Rg8 26.Nf3 Rxf6 27.Ng5 Rxf1+ 28.Rxf1 Rg7 29.Nxf7+  1-0

[Event "ch-SWE"]
[Site "Linkoping SWE"]
[Date "2001.06.30"]
[Round "1"]
[White "Olsson,An"]
[Black "Akesson,R"]
[Result "1-0"]
[WhiteElo "2265"]
[BlackElo "2463"]

1.e4 c5 2.Nf3 e6 3.d4 cxd4 4.Nxd4 a6 5.Nc3 b5 6.g3 Bb7 7.Bg2 b4 8.Nce2 Nf6
9.Bg5 Be7 10.Qd3 d6 11.Bxf6 Bxf6 12.Qb3 Qb6 13.c3 a5 14.Qa4+ Nd7 15.O-O Ke7
16.Rfe1 Rhc8 17.Rad1 Rab8 18.a3 b3 19.Qb5 g6 20.Qd3 Nc5 21.Qe3 Na4 22.Qd2 Ke8
23.h4 Rc4 24.Bf1 Rc7 25.Qh6 Nxb2 26.Rb1 Nd3 27.Red1 Nc5 28.Nf4 Bxe4 29.Rb2 Ke7
30.Re1 Ba8 31.Qxh7 e5 32.Nxg6+ Ke8 33.Qg8+ Kd7 34.Bh3+ Ne6 35.Qxf7+ Kc8 36.Qxe6+ Kb7
37.Rxb3  1-0

[Event "43rd Tch-POR"]
[Site "Barreiro POR"]
[Date "2001.07.01"]
[Round "9"]
[White "Cordovil,J"]
[Black "Spraggett,K"]
[Result "0-1"]
[WhiteElo "2281"]
[BlackElo "2526"]

1.e4 c5 2.Nf3 e6 3.d4 cxd4 4.Nxd4 a6 5.Nc3 Qc7 6.Bd3 Nc6 7.Be3 Nf6 8.Nxc6 bxc6
9.O-O d5 10.Qf3 Bb7 11.Rfe1 Be7 12.exd5 cxd5 13.Bd4 h5 14.h3 Rh6 15.Re2 g5
16.Qe3 Qf4 17.Qxf4 gxf4 18.Be5 f3 19.gxf3 O-O-O 20.Kh2 d4 21.Ne4 Nd5 22.Bxd4 f5
23.Nd2 Nf4 24.Be3 Bd6 25.Kh1 Rg6 26.Bxf4 Bxf4 27.Rg1 Rdg8 28.Rxg6 Rxg6 29.h4 Kd7
30.Bc4 e5 31.Bd3 Ke6 32.Ne4 fxe4 33.Bxe4 Rg7 34.c4 Bc8 35.Re1 Kf6 36.Rg1 Rxg1+
37.Kxg1 a5 38.Kf1 Bc1 39.b3 Ba3 40.Ke2 Bc5 41.Bc6 Bf5 42.Be4 Bd7 43.Bd5 Be8
44.Be4 Ke6 45.Kf1 Kd6 46.Kg2 Ba3 47.Kf1 Kc5 48.Ke2 Kd4 49.Bf5 Be7 50.Be4 Bxh4
51.a3 Be7 52.b4 a4 53.c5 Bb5+ 54.Kd2 h4 55.Bf5 Bg5+ 56.Kc2 Bf1  0-1

[Event "12th Open"]
[Site "Ljubljana SLO"]
[Date "2001.07.01"]
[Round "9"]
[White "Grilc,A"]
[Black "Sakelsek,T"]
[Result "1/2-1/2"]
[WhiteElo "2044"]
[BlackElo "2185"]

1.e4 c5 2.Nf3 e6 3.d4 cxd4 4.Nxd4 a6 5.Nc3 Qc7 6.Bd3 Nc6 7.Be3 Nf6 8.Qe2 b5
9.O-O Bb7 10.f4 Nxd4 11.Bxd4 Bc5 12.Bxc5 Qxc5+ 13.Kh1 b4 14.Nd1 h5 15.Nf2 h4
16.a3 Qc7 17.Qe3 d5 18.axb4 h3 19.g3 dxe4 20.Be2 Nd5 21.Qd4 Qxc2 22.Bd1 Qc7
23.Rc1 Qe7 24.Qxg7 Qf6 25.Ba4+ Kd8 26.Qxf6+ Nxf6 27.Rfd1+ Bd5 28.Kg1 Rc8
29.Kf1 Rxc1 30.Rxc1 e3 31.Nd3 Ne4 32.Ke2 Nxg3+ 33.Kxe3 Rg8 34.Nf2 Nf5+ 35.Kd3 Rg2
36.Nxh3 Rxh2 37.Ng5 f6 38.Nf7+ Ke7 39.Rc7+ Kf8 40.Nd8 Rxb2 41.Kc3 Rf2 42.Rf7+ Kg8
43.Rxf6 Nd6 44.Rg6+ Kh7 45.Rg4 Nf5 46.Bd7 Rf3+  1/2-1/2

[Event "12th Open"]
[Site "Ljubljana SLO"]
[Date "2001.07.01"]
[Round "9"]
[White "Drobne,M"]
[Black "Srebrnic,M"]
[Result "0-1"]
[WhiteElo "2061"]
[BlackElo "2151"]

1.e4 c5 2.Nf3 e6 3.d4 cxd4 4.Nxd4 a6 5.Nc3 b5 6.Bd3 Qb6 7.Nb3 Qc7 8.O-O Nf6
9.f4 d6 10.Qe1 Nc6 11.a3 Be7 12.Kh1 Bb7 13.Be3 Nd7 14.f5 Bf6 15.Rd1 Nde5
16.fxe6 fxe6 17.Be2 O-O 18.Nd4 Nxd4 19.Bxd4 Rac8 20.Qg3 Qe7 21.Rf4 g6 22.Rdf1 Bg7
23.Rxf8+ Rxf8 24.Rxf8+ Qxf8 25.h4 Qf6 26.Be3 h6 27.Bd4 Kh7 28.h5 g5 29.Bd3 Qf7
30.Be2 Qf4 31.Kh2 Nf3+ 32.gxf3 Bxd4 33.Qxf4 gxf4 34.Nd1 Kg7 35.Bf1 Kf6 36.Bh3 d5
37.exd5 Bxd5 38.Kg2 Bc4 39.b3 Be2 40.Nf2 Bxf2 41.Kxf2 Bd1 42.c4 Bxb3 43.cxb5 axb5
44.Bf1 Ba4 45.Bd3 Ke5 46.Ke2 Kd4 47.Kd2 Kc5 48.Kc3 Bd1 49.Be4 Be2 50.Kd2 Bc4
51.Bc2 Bd5 52.Ke2 Kd4 53.a4 Kc3 54.Bd1 b4  0-1

[Event "6th Leg Russian Cup"]
[Site "Tomsk RUS"]
[Date "2001.07.02"]
[Round "3"]
[White "Maletin,P"]
[Black "Bragin,A"]
[Result "1-0"]
[WhiteElo "2243"]
[BlackElo "2374"]

1.e4 c5 2.Nf3 e6 3.Nc3 a6 4.d4 cxd4 5.Nxd4 d6 6.Be2 Nf6 7.O-O Be7 8.f4 O-O
9.Be3 Qc7 10.Qe1 b5 11.a3 Bb7 12.Bf3 Nbd7 13.Rd1 Nc5 14.Bc1 Rad8 15.Kh1 d5
16.e5 Nfe4 17.b4 Na4 18.Nxa4 bxa4 19.Bxe4 dxe4 20.Qg3 Qc4 21.Be3 f5 22.c3 Bd5
23.Rc1 Rc8 24.Qf2 Qc7 25.c4 Bxc4 26.Nxe6 Qb7 27.Nxf8 Bxf1 28.Rxf1 Kxf8 29.Rd1 Qc6
30.Qg1 Qe6 31.Rc1 Kf7 32.Bc5 Bxc5 33.bxc5 Qd5 34.Qe3 Rc6 35.Qh3 Kg6 36.Qg3+ Kf7
37.Qg5 Qd7 38.Qh5+ Kg8 39.Rd1 g6 40.Qe2 Qe6 41.Qd2 Rc8 42.Qd6 Qb3 43.Qd7 Rc6
44.Qd8+ Kg7 45.Rd7+ Kh6 46.Qh4+  1-0

[Event "Open"]
[Site "Hyeres FRA"]
[Date "2001.07.08"]
[Round "2"]
[White "Guadalpi,D"]
[Black "Sulava,N"]
[Result "0-1"]
[WhiteElo "2318"]
[BlackElo "2531"]

1.e4 c5 2.Nf3 e6 3.d4 cxd4 4.Nxd4 a6 5.Nc3 b5 6.Bd3 Bc5 7.Be3 Qb6 8.Be2 Nc6
9.Nxc6 dxc6 10.Bxc5 Qxc5 11.Qd3 Nf6 12.Qg3 O-O 13.e5 Nd5 14.O-O Nxc3 15.bxc3 a5
16.Rfd1 b4 17.Rd4 Ba6 18.Bxa6 Rxa6 19.Qd3 Raa8 20.Re1 bxc3 21.Rc4 Qa3 22.Qxc3 Qxa2
23.h3 Rfb8 24.Kh2 Qb2 25.Rxc6 Qxc3 26.Rxc3 Rc8 27.Rxc8+ Rxc8 28.Ra1 Rc5 29.f4 h6
30.Ra2 g5 31.g3 Kg7 32.h4 gxf4 33.gxf4 Kg6 34.Kg3 Kf5 35.Ra3 Rxc2 36.Rxa5 Rc3+
37.Kg2 Kxf4 38.Ra7 Rg3+ 39.Kh2 Rg7 40.Ra5 f5 41.Kh3 Rg3+ 42.Kh2 Rf3  0-1

[Event "FSIMA July"]
[Site "Budapest HUN"]
[Date "2001.07.10"]
[Round "9"]
[White "Fernandez,Ra"]
[Black "Bjornsson,S"]
[Result "1-0"]
[WhiteElo "2217"]
[BlackElo "2297"]

1.e4 c5 2.Nf3 e6 3.d4 cxd4 4.Nxd4 a6 5.Nc3 Qc7 6.g3 Nf6 7.Bg2 Nc6 8.O-O Be7
9.Re1 d6 10.Nxc6 bxc6 11.e5 dxe5 12.Rxe5 O-O 13.Bf4 Qb7 14.Re2 Rd8 15.Rd2 Rxd2
16.Qxd2 Nd5 17.Be5 a5 18.Rd1 Bd7 19.Na4 Qb4 20.b3 Be8 21.c4 Qxd2 22.Rxd2 Nb4
23.a3 Na6 24.Nb6 Rd8 25.Rxd8 Bxd8 26.Nc8 f6 27.Bd6 Bd7 28.Ne7+ Bxe7 29.Bxe7 Kf7
30.Bd8 Nc5 31.Bxa5 Nxb3 32.Bb6 c5 33.f4 Ke7 34.Be4 f5 35.Bc2 Ba4 36.Bc7 h6
37.Kf2 g6 38.h3 h5 39.g4 hxg4 40.hxg4 Kd7 41.Be5 Ke7 42.Kg3 Kf7 43.Kh4 Ke7
44.Kg3 Kd7 45.Kh4 Ke7 46.Kg5 Kf7 47.gxf5 gxf5 48.Kh6 Kf8 49.Kh7 Kf7 50.Bd6 Ke8
51.Kg7 Kd7 52.Be5 Ke7 53.Bd1 Kd7 54.Kf6 Kc6 55.Ke7 Kb6 56.Kd6 Ka5 57.Bf6 Kb6
58.Bc3 Ka6 59.Bh5 Nd4 60.Kxc5 Nc2 61.Bd1 Bb3 62.Kd6 Kb7 63.c5 Nxa3 64.Bxb3 Nb5+
65.Kd7 Nxc3 66.c6+  1-0

[Event "PanAm Junior"]
[Site "Yucay PER"]
[Date "2001.07.11"]
[Round "6"]
[White "Bittencourt,J"]
[Black "Esplana,C"]
[Result "0-1"]
[WhiteElo "2283"]
[BlackElo "2389"]

1.e4 c5 2.Nf3 e6 3.d4 cxd4 4.Nxd4 a6 5.Nc3 Qc7 6.Be2 Nf6 7.O-O Nc6 8.Be3 Be7
9.f4 d6 10.Bf3 O-O 11.Nb3 b5 12.a3 Bb7 13.g4 Rfe8 14.g5 Nd7 15.Bg2 Bf8 16.Qh5 g6
17.Qh3 b4 18.axb4 Nxb4 19.Rf2 Bg7 20.Raf1 Nc6 21.Kh1 Nb6 22.f5 exf5 23.exf5 Ne5
24.Bd4 Rad8 25.Ne4 Bxe4 26.Bxe4 d5 27.Bg2 Qc6 28.Rf4 Nbd7 29.Rh4 Nf8 30.f6 Bh8
31.Bc5 Ned7 32.Be7 Qxc2 33.Bxd5 Ne5 34.Be4 Qc8 35.Bxd8 Qxd8 36.Bg2 Ned7 37.Qd3 Qb6
38.Bd5 Re3 39.Qc4 Ne5 40.Qd4 Qb5 41.Qxe3 Qxf1+ 42.Qg1 Qe2 43.Rd4 Nf3 44.Bxf3 Qxf3+
45.Qg2 Qxb3 46.Qa8 Qb5 47.Qg2 h6 48.h4 Ne6 49.Rg4 Kh7 50.b4 Qf5 51.Qe4 Qxe4+
52.Rxe4 hxg5 53.hxg5 Nxg5 54.Rc4 Bxf6 55.Rc6 Be7  0-1

[Event "ch-SWE"]
[Site "Linkoping SWE"]
[Date "2001.07.12"]
[Round "12"]
[White "Hector,J"]
[Black "Agrest,E"]
[Result "0-1"]
[WhiteElo "2546"]
[BlackElo "2532"]

1.e4 c5 2.Nf3 e6 3.d4 cxd4 4.Nxd4 a6 5.Nc3 Qc7 6.Bd3 Bc5 7.Nb3 Be7 8.Qg4 g6
9.Bg5 d6 10.Bxe7 Nxe7 11.O-O-O e5 12.Qg5 Be6 13.Be2 Nbc6 14.Qd2 Bxb3 15.axb3 Nd4
16.Kb1 O-O-O 17.Bc4 f5 18.f3 Kb8 19.Nd5 Nxd5 20.Bxd5 f4 21.Qf2 Nc6 22.c3 Ne7
23.Be6 Rhf8 24.b4 Rf6 25.Bb3 Nc8 26.Rd3 h6 27.Qe2 g5 28.Kc2 Rd7 29.Ra1 Qb6
30.h3 Rg7 31.Kb1 h5 32.Bd1 Qc7 33.Ra5 Nb6 34.b3 Nc8 35.Qa2 Na7 36.Be2 Qb6
37.Qd2 Nb5 38.Kb2 Rfg6 39.Ra1 Rc7 40.Bd1 Rg8 41.Ra5 Rc6 42.c4 Nd4 43.Rd5 Qc7
44.Rc3 Rc8 45.Rd3 Qe7 46.Kb1 b5 47.R3xd4 exd4 48.Be2 Qb7 49.Rxd4 Qb6 50.Kb2 R8c7
51.Ka3 Ka7 52.Rd5 Qg1 53.Qd4+ Qxd4 54.Rxd4 Re7 55.Kb2 Re5 56.Rd1 Kb6 57.Ra1 Rc8
58.Kc3 bxc4 59.Bxc4 a5 60.Rd1 axb4+ 61.Kxb4 Rb8 62.Kc3 Kc7 63.Ra1 g4 64.hxg4 hxg4
65.Bd5 Kb6 66.Rh1 Rc8+ 67.Kd3 g3 68.Rh6 Kc5 69.Rh7 Kb4 70.Rf7 Rc1 71.Rxf4 Rd1+
72.Kc2 Rg1 73.Rg4 Rxg2+ 74.Kd3 Rg1 75.Ke3 Rh5 76.f4 Rh2 77.e5 Kc5 78.Bf3 Rb2
79.exd6 Rxb3+ 80.Ke2 Rb2+ 81.Kd3 Kxd6 82.Ke4 Rb3 83.f5 Rb4+ 84.Ke3 Re1+ 85.Kd2 Rxg4  0-1

[Event "Trofeo Intel Pentium"]
[Site "Milan ITA"]
[Date "2001.07.13"]
[Round "4"]
[White "Valenti,G"]
[Black "Laketic,G"]
[Result "0-1"]
[WhiteElo "2201"]
[BlackElo "2444"]

1.e4 c5 2.Nf3 e6 3.d4 cxd4 4.Nxd4 a6 5.Nc3 Qc7 6.g3 Nf6 7.Bg2 Be7 8.O-O Nc6
9.Re1 Nxd4 10.Qxd4 d6 11.b3 O-O 12.Bb2 Bd7 13.Rad1 Rac8 14.h3 Rfe8 15.g4 h6
16.a4 e5 17.Qd3 Be6 18.Re2 Nd7 19.Qg3 Nf8 20.f4 exf4 21.Qxf4 Bf6 22.Rd3 Ng6
23.Qf2 Bg5 24.Qd4 Nf4 25.Rf2 Bf6 26.Qxf6 Nxd3 27.Nd5 gxf6 28.Nxc7 Nxb2 29.Nxe8 Rxe8
30.Rd2 Rc8 31.c3 Rxc3 32.Rxb2 Rxb3 33.Rxb3 Bxb3 34.a5 Kf8 35.Kf2 Ke7 36.Ke3 Bc4
37.Kd4 Bb5 38.Bf3 Kd8 39.Bd1 Bd7 40.Kc4 Bb5+ 41.Kd4 Kc7 42.Bb3 Bf1 43.h4 Be2
44.Bxf7 Bxg4 45.Kd5 Kd7 46.Bg8 Ke7 47.Kd4 Be6 48.Bh7 Kd7 49.Kc3 Kc6 50.Kb4 b6
51.Bg6 bxa5+ 52.Kxa5 Bc8 53.Bf7 Kc5  0-1

[Event "ch-NOR"]
[Site "Kristiansund NOR"]
[Date "2001.07.14"]
[Round "9"]
[White "Hersvik,D"]
[Black "Trygstad,K"]
[Result "1-0"]
[WhiteElo "2241"]
[BlackElo "2323"]

1.e4 c5 2.Nf3 e6 3.d4 cxd4 4.Nxd4 a6 5.Nc3 Qc7 6.Bd3 Nf6 7.O-O Nc6 8.Be3 Ne5
9.h3 Bc5 10.Kh1 d6 11.f4 Ng6 12.Qe1 Bd7 13.f5 Ne5 14.Qg3 O-O 15.Nce2 Kh8
16.Bg5 Nxd3 17.cxd3 e5 18.Qh4 Rg8 19.Nf3 Ne8 20.d4 exd4 21.Nf4 g6 22.Nd5 Qc6
23.Ne7 Qb5 24.Bf6+ Nxf6 25.Qxf6+ Rg7 26.Ng5 Be8 27.Ne6  1-0

[Event "16th Maccabia IM"]
[Site "Tel Aviv ISR"]
[Date "2001.07.15"]
[Round "1"]
[White "Shur,M"]
[Black "Rinberg,A"]
[Result "1-0"]
[WhiteElo "2427"]
[BlackElo "2328"]

1.e4 c5 2.Nf3 e6 3.Nc3 a6 4.d4 cxd4 5.Nxd4 d6 6.a4 Nf6 7.Be2 Be7 8.O-O O-O
9.f4 Qc7 10.Kh1 Nc6 11.Be3 Rd8 12.Bd3 Nxd4 13.Bxd4 e5 14.Be3 exf4 15.Rxf4 Be6
16.Nd5 Bxd5 17.exd5 g6 18.Qf3 Nd7 19.Bd4 Rf8 20.Rf1 f6 21.Qh3 Kg7 22.Rh4 Rh8
23.Qg3 Rag8 24.Qe3 Ne5 25.Bxe5 dxe5 26.d6 Qxd6 27.Qh6+ Kf7 28.Bc4+ Ke8 29.Bxg8 Rxg8
30.Qxh7 Qe6 31.b3 f5 32.Rc4 Kf8 33.Rc7 e4 34.Rd1 e3 35.Rdd7  1-0

[Event "ch-SUI"]
[Site "Scuol SUI"]
[Date "2001.07.16"]
[Round "5"]
[White "Voicu,C"]
[Black "Moor,R"]
[Result "0-1"]
[WhiteElo "2194"]
[BlackElo "2367"]

1.e4 c5 2.Nf3 e6 3.d4 cxd4 4.Nxd4 a6 5.Nc3 Nc6 6.Be2 Nge7 7.O-O Nxd4 8.Qxd4 Nc6
9.Qd2 Qc7 10.b3 Be7 11.Bb2 O-O 12.f4 f6 13.Kh1 b5 14.Bd3 Nb4 15.Rf3 Bb7 16.Rh3 Nxd3
17.cxd3 Rac8 18.Rc1 Qd6 19.Qf2 f5 20.Rf1 Qb4 21.Nb1 Qc5 22.Rg3 g6 23.Qf3 fxe4
24.dxe4 Qc2 25.Be5 Bxe4 26.Qg4 b4 27.h4 Rc5 28.Re1 Qf2 29.Rd1 Bxh4 30.Rh3 h5  0-1

[Event "Tan Lian Ann cup"]
[Site "Tianjin CHN"]
[Date "2001.07.17"]
[Round "3"]
[White "Ding Linlin"]
[Black "Wang Rui"]
[Result "0-1"]
[WhiteElo "2347"]
[BlackElo "2509"]

1.e4 c5 2.Nf3 e6 3.d4 cxd4 4.Nxd4 a6 5.Nc3 Qc7 6.Bd3 Nc6 7.Be3 b5 8.O-O Nf6
9.Kh1 Bb7 10.a3 Bd6 11.Bxb5 Nxd4 12.Bxd4 Nxe4 13.Nxe4 Bxe4 14.Qg4 axb5 15.Qxe4 O-O
16.Rfe1 Ra4 17.Qd3 Bc5 18.Bxc5 Qxc5 19.Qxd7 Rd4 20.b4 Qb6 21.Qe7 Rd2 22.Qc5 Qxc5
23.bxc5 Rxf2 24.Reb1 Rxc2 25.Rxb5 Rc8 26.a4 R2xc5 27.Rxc5 Rxc5 28.a5 Rc7
29.g4 Kf8 30.Kg2 Ke7 31.h4 Kd7 32.a6 Ra7 33.g5 Kc6 34.h5 Kb6 35.g6 hxg6 36.hxg6 f6
37.Rd1 e5 38.Rd6+ Kc5 39.Re6 Kd5 40.Rb6 Ke4 41.Kf2 Kf5 42.Ke3 Kxg6 43.Ke4 Kg5
44.Rc6 Ra8 45.Rb6 g6 46.Rc6 Re8 47.a7 f5+ 48.Kd5 e4 49.Ra6 Ra8 50.Ke5 e3
51.Ra1 Kg4 52.Kd4 e2 53.Ke3 Rxa7 54.Rg1+  0-1

[Event "Tan Lian Ann cup"]
[Site "Tianjin CHN"]
[Date "2001.07.19"]
[Round "5"]
[White "Wu Kaiyu"]
[Black "Wang Rui"]
[Result "1/2-1/2"]
[WhiteElo "2284"]
[BlackElo "2509"]

1.e4 c5 2.Nf3 e6 3.d4 cxd4 4.Nxd4 a6 5.Nc3 Qc7 6.g3 Nf6 7.Bg2 Be7 8.O-O d6
9.f4 O-O 10.Kh1 Nc6 11.Nxc6 bxc6 12.g4 d5 13.g5 Nxe4 14.Nxe4 dxe4 15.Bxe4 Bb7
16.Qf3 Rab8 17.Be3 c5 18.Bxb7 Rxb7 19.b3 c4 20.Rad1 Rb5 21.Qe4 Bc5 22.Bxc5 Rxc5
23.b4 Rb5 24.c3 Rc8 25.Rfe1 g6 26.Rd4 Rf5 27.Re2 Kg7 28.Re1 h6 29.gxh6+ Kxh6
30.Re2 Kg7 31.Kg1 a5 32.a3 axb4 33.axb4 Qa7 34.Kg2 Qb8 35.Rd7 Rxf4 36.Qxe6 Rf5
37.Qe4 Kg8 38.Rd5 Rf4 39.Qe5 Qa8 40.Qxf4 Qxd5+ 41.Qf3 Qg5+ 42.Qg3 Qd8 43.Qf3 Qd7
44.Qe4 Qd3 45.Qf3 Rd8 46.Re3 Qb1 47.Re2 Qc1 48.Qf6 Qd1 49.Kf2 Rc8 50.b5 Qh1
51.Qf4  1/2-1/2

[Event "Dutch Open"]
[Site "Dieren NED"]
[Date "2001.07.20"]
[Round "4"]
[White "Vink,N"]
[Black "Meijers,V"]
[Result "0-1"]
[WhiteElo "2281"]
[BlackElo "2449"]

1.e4 c5 2.Nf3 e6 3.d4 cxd4 4.Nxd4 a6 5.Nc3 Qc7 6.Be2 b5 7.O-O Bb7 8.a3 Nf6
9.Qd3 Nc6 10.Bg5 Ne5 11.Qe3 Bc5 12.Rad1 Nc4 13.Bxc4 bxc4 14.Qf3 Be7 15.Rfe1 O-O
16.Nde2 d6 17.Ng3 Rac8 18.Nh5 Ne8 19.Bxe7 Qxe7 20.Qg4 Rc5 21.Re3 f5 22.exf5 Rcxf5
23.f3 Rg5 24.Rxe6 Bxf3 25.Qxf3 Qxe6 26.Nf4 Qf7 27.Rd5 Re5 28.Rxe5 dxe5 29.Nfd5 Qxf3
30.gxf3 Rxf3 31.Ne4 Rf7 32.Ne3 Rc7 33.Kf2 h6 34.Ke2 Kf7 35.b4 cxb3 36.cxb3 Nf6
37.Nd6+ Ke6 38.Ndc4 g5 39.Nc2 Nd5 40.Kf3 Nb6 41.N4e3 Rc3 42.Ke4 Rxb3  0-1

[Event "EuChJun Girls"]
[Site "Patras GRE"]
[Date "2001.07.20"]
[Round "5"]
[White "Kovalevskaya,N"]
[Black "Shtereva,S"]
[Result "1/2-1/2"]
[WhiteElo "2152"]
[BlackElo "2100"]

1.e4 c5 2.Nf3 e6 3.d4 cxd4 4.Nxd4 a6 5.Nc3 b5 6.Bd3 Qb6 7.Nb3 Qc7 8.O-O Bb7
9.f4 d6 10.f5 e5 11.Bg5 Nd7 12.Be2 Ngf6 13.Nd5 Bxd5 14.exd5 Be7 15.Rc1 O-O
16.Bxf6 Bxf6 17.c4 Bg5 18.Rc3 Rfc8 19.Kh1 b4 20.Rh3 Nf6 21.Nd2 e4 22.Nb3 Re8
23.Nd4 Nd7 24.b3 a5 25.Qe1 Bf6 26.Nc2 Qc5 27.Ne3 a4 28.Ng4 axb3 29.axb3 Ra2
30.Bd1 Qd4 31.Qg3 Rd2 32.Ne3 Qe5 33.Qg4 Bd8 34.Rg3 Qf6 35.Qh5 Qh4 36.Qxh4 Bxh4
37.Rg4 Bf6 38.h4 Rd3 39.Re1 Bc3 40.Re2 Bd4 41.Rg3 Bxe3 42.Bc2 Re5 43.Rgxe3 Rxe3
44.Rxe3 Rxf5 45.Rxe4 Re5 46.Kg1 Rxe4 47.Bxe4 Nc5 48.Bc2 Kf8 49.Kf2 h6 50.Kf3 Ke7
51.Kg4 Kf6 52.Kf4 g6 53.g3 h5 54.Bd1 Nd3+ 55.Ke3 Nc5 56.Kf4  1/2-1/2

[Event "ch-SUI"]
[Site "Scuol SUI"]
[Date "2001.07.20"]
[Round "9"]
[White "Horvath,Ta1"]
[Black "Pikula,D"]
[Result "1/2-1/2"]
[WhiteElo "2353"]
[BlackElo "2458"]

1.e4 c5 2.Nf3 e6 3.d4 cxd4 4.Nxd4 a6 5.Nc3 Qc7 6.g4 Nc6 7.Be3 b5 8.Bg2 Bb7
9.f4 Nxd4 10.Qxd4 Ne7 11.O-O-O Rc8 12.Rd2 Nc6 13.Qb6 Qxb6 14.Bxb6 d6  1/2-1/2

[Event "Czech Open"]
[Site "Pardubice CZE"]
[Date "2001.07.21"]
[Round "2"]
[White "Vorobiov,E"]
[Black "Jedryczka,K"]
[Result "1-0"]
[WhiteElo "2503"]
[BlackElo "2330"]

1.e4 c5 2.Nf3 e6 3.Nc3 a6 4.d4 cxd4 5.Nxd4 Qc7 6.Bd3 b5 7.O-O Bb7 8.Re1 d6
9.a4 b4 10.Na2 e5 11.Nf5 Nc6 12.Bd2 a5 13.c3 bxc3 14.Nxc3 Nf6 15.Bb5 Nd7
16.Rc1 Rc8 17.Bxc6 Bxc6 18.Nb5 Qb8 19.Bxa5 Bxb5 20.Rxc8+ Qxc8 21.axb5 Qb8
22.Bb4 Nc5 23.Bxc5 dxc5 24.Qd5  1-0

[Event "Tan Lian Ann cup"]
[Site "Tianjin CHN"]
[Date "2001.07.21"]
[Round "7"]
[White "Wu Kaiyu"]
[Black "Chan Peng Kong"]
[Result "1-0"]
[WhiteElo "2284"]
[BlackElo "2393"]

1.e4 c5 2.Nf3 e6 3.d4 cxd4 4.Nxd4 a6 5.Nc3 b5 6.Be3 Bb7 7.f3 Qc7 8.Qd2 Nf6
9.g4 d6 10.g5 Nfd7 11.O-O-O Ne5 12.f4 Nc4 13.Bxc4 Qxc4 14.Qd3 Qxd3 15.cxd3 Nd7
16.f5 e5 17.Nb3 Rc8 18.Kb1 Be7 19.h4 b4 20.Nd5 Bxd5 21.exd5 Nc5 22.Na5 O-O
23.Nc6 Rfe8 24.Nxb4 Bf8 25.Nc6 e4 26.Bxc5 dxc5 27.dxe4 Rxe4 28.d6  1-0

[Event "Open"]
[Site "Novosibirsk RUS"]
[Date "2001.07.23"]
[Round "5"]
[White "Pak,K"]
[Black "Chigvintsev,A"]
[Result "1-0"]
[WhiteElo "2213"]
[BlackElo "2414"]

1.e4 c5 2.Nf3 e6 3.d4 cxd4 4.Nxd4 a6 5.Nc3 Qc7 6.f4 b5 7.Bd3 b4 8.Nce2 Bb7
9.O-O Nf6 10.e5 Nd5 11.Kh1 f5 12.exf6 Nxf6 13.Ng3 Nc6 14.Nf3 Be7 15.Ng5 O-O
16.Nh5 h6 17.Nxf6+ Rxf6 18.Ne4 Rf7 19.Be3 Raf8 20.Qg4 b3 21.Qg6 Ne5 22.Nf6+ Rxf6
23.Qh7+ Kf7 24.fxe5 Rxf1+ 25.Rxf1+ Ke8 26.Bg6+ Kd8 27.Rxf8+ Bxf8 28.Qg8 Bxg2+
29.Kg1 Qc4 30.Qxf8+ Kc7 31.axb3 Qg4 32.Bh5 Qxh5 33.Kxg2 Qg4+ 34.Kf2 Qh4+
35.Kf3  1-0

[Event "Czech Open"]
[Site "Pardubice CZE"]
[Date "2001.07.23"]
[Round "4"]
[White "Faibisovich,V"]
[Black "Rodkin,R"]
[Result "1/2-1/2"]
[WhiteElo "2430"]
[BlackElo "2314"]

1.e4 c5 2.Nf3 e6 3.Nc3 a6 4.d4 cxd4 5.Nxd4 b5 6.Bd3 d6 7.O-O Nf6 8.Qe2 Be7
9.a4 b4 10.Na2 a5 11.c3 e5 12.Bb5+ Kf8 13.Nb3 Na6 14.Bd2 Nc5 15.Nxc5 dxc5
16.Rfd1 Qc7 17.cxb4 cxb4 18.Rac1 Qb8 19.b3 h6 20.Rc2 Bb7 21.f3 g6 22.Nc1 Kg7
23.Nd3 Rc8 24.Rxc8 Bxc8 25.Bc4 Be6 26.Bxe6 Qb6+ 27.Be3 Qxe6 28.Qb2 Nd7 29.Nf4 Qc6
30.Rc1 Qd6 31.Nd5 Bd8 32.Qc2 Bg5 33.Bxg5 hxg5 34.Qc7 Ra6 35.Qxd6 Rxd6 36.Kf2 f5
37.Rc7 g4 38.Ke2 gxf3+ 39.gxf3 Kh6 40.Kd3 Kg5 41.Kc4 fxe4 42.fxe4 Nf6 43.Nxf6 Kxf6
44.Kb5 Rd3 45.Kxa5 Rxb3 46.Rb7 Rb2 47.Rxb4 Rxh2 48.Kb6 g5 49.a5 g4 50.a6 Kg5
51.a7 Rh8 52.Ka6 Ra8 53.Rb8 Rxa7+ 54.Kxa7 Kf4 55.Kb6 Kxe4 56.Kc5 g3 57.Kc4 g2
58.Rg8  1/2-1/2

[Event "MTO"]
[Site "Biel SUI"]
[Date "2001.07.24"]
[Round "2"]
[White "Ponkratov,P"]
[Black "Pikula,D"]
[Result "0-1"]
[WhiteElo "2155"]
[BlackElo "2458"]

1.e4 c5 2.Nf3 e6 3.d4 cxd4 4.Nxd4 a6 5.Nc3 Qc7 6.g3 Bb4 7.Ne2 Nf6 8.Bg2 Be7
9.O-O Nc6 10.h3 h5 11.Be3 b5 12.f4 d6 13.Qd2 Bb7 14.a3 Rc8 15.Rfd1 O-O 16.Qe1 Nb8
17.Rac1 Nbd7 18.Qf2 Qb8 19.Bd4 e5 20.Be3 Rfe8 21.Bf3 Nc5 22.Bxc5 dxc5 23.Nd5 Bxd5
24.exd5 e4 25.Bg2 c4 26.Kh2 Bc5 27.Qf1 Rcd8 28.Nc3 h4 29.g4 Be3 30.Rb1 Bxf4+
31.Kh1 Qe5 32.Qf2 Bg3 33.Qe2 e3 34.Rf1 Bf2 35.Rbd1 Rd6 36.Rxf2 exf2 37.Qxf2 Qe3
38.Qf5 g6 39.Qf1 Kg7 40.Bf3 Nd7 41.Bg2 Rf6 42.Qg1 Rf2 43.d6 Re6 44.Qh2 Rd2  0-1

[Event "Dutch Open"]
[Site "Dieren NED"]
[Date "2001.07.24"]
[Round "7"]
[White "Berelovich,A"]
[Black "Brodsky,M"]
[Result "1/2-1/2"]
[WhiteElo "2513"]
[BlackElo "2528"]

1.e4 c5 2.Ne2 e6 3.Nbc3 a6 4.d4 cxd4 5.Nxd4 Qc7 6.g3 Bb4 7.Qd3 Nf6 8.Bg2 Nc6
9.Nxc6 dxc6 10.Bg5 Be7 11.f4 e5 12.f5 b5 13.O-O-O Bb7 14.Kb1 h6 15.Bc1 Nd7
16.h4  1/2-1/2

[Event "3rd Open"]
[Site "Patras GRE"]
[Date "2001.07.24"]
[Round "7"]
[White "Zagrebelny,S"]
[Black "Krakops,M"]
[Result "0-1"]
[WhiteElo "2466"]
[BlackElo "2509"]

1.e4 c5 2.Nf3 e6 3.d4 cxd4 4.Nxd4 a6 5.Nc3 b5 6.Bd3 Qb6 7.Nb3 Qc7 8.O-O Bb7
9.a3 d6 10.f4 Nf6 11.Qf3 Nbd7 12.Kh1 Be7 13.Bd2 O-O 14.Qh3 e5 15.Rae1 Rae8
16.Nd5 Bxd5 17.exd5 e4 18.Ba5 Qb7 19.Bxe4 Nxe4 20.Rxe4 Bf6 21.Rxe8 Rxe8 22.Rb1 Nb6
23.Nd2 Nxd5 24.Qf3 Re3 25.Qf1 h5 26.c4 Ne7 27.Bb4 Nf5 28.cxb5 Rh3 29.Qc4 axb5  0-1